000 00996nam a2200241 i 4500
001 187167
003 SpMaBN
005 20251001174717.0
008 170427r19811916pe ah |||| |dspa d
245 0 0 _aColónida /
_ccon prólogo de Luis Alberto Sánchez ; y una Carta de Alfredo González Prada acerca de Abraham Valdelomar y el movimiento colónida.
250 _aEd. facsimilar.
260 _aLima :
_bCopé,
_c1981.
300 _a1 v. (237 p. :
_bil.) ;
_c23 cm.
534 _pReprod. facs. de.
_tColónida : revista quincenal de literatura, arte, historia y ciencias sociales / director, Abraham Valdelomar,
_cLima, 1916, n. 1-4.
600 1 7 _aValdelomar, Abraham,
_d1886-1919
_2
_9162474
655 7 _2tgfbne
_9226495
_aFacsímiles
700 0 _aSánchez, Luis Alberto,
_d1900-1994
_9102397
700 1 _aGonzález Prada, Alfredo.
_9162472
700 1 _aValdelomar, Abraham,
_d1886-1919
_9162474
852 _aES-MaACL
_jL-31497
942 _2udc
999 _c187167
_d187167